Vliv institucionálního prostředí na příliv přímých zahraničních investic v evropských tranzitivních ekonomikách a v Latinské Americe

Identifikovanie a kvantifikácia vplyvu inštitucionálneho prostredia na príliv priamych zahraničných investícií v európskych tranzitívnych ekonomikách a v krajinách Latinskej Ameriky.

Salvato in:
Dettagli Bibliografici
Autore principale: Mádr, Michal
Altri autori: Kouba, Luděk
Natura: Capitolo di libro
Lingua:ceco
Soggetti:
Tags: Aggiungi Tag
Nessun Tag, puoi essere il primo ad aggiungerne!!

MARC

LEADER 00000naa a2200000 4500
001 0200721
005 20231116110918.7
041 0 |a cze 
044 |a CZ 
245 1 0 |a Vliv institucionálního prostředí na příliv přímých zahraničních investic v evropských tranzitivních ekonomikách a v Latinské Americe  |c Michal Mádr, Luděk Kouba 
520 |a Identifikovanie a kvantifikácia vplyvu inštitucionálneho prostredia na príliv priamych zahraničných investícií v európskych tranzitívnych ekonomikách a v krajinách Latinskej Ameriky. 
610 2 0 |a krajiny tranzitívne 
610 2 0 |a Európa 
610 2 0 |a analýza regresná 
610 2 0 |a Latinská Amerika 
610 2 0 |a investície priame zahraničné 
100 1 |a Mádr, Michal 
700 1 |a Kouba, Luděk